00434 a2200145 4500020001900000050001900019100001700038245007200055250001300127264005100140300001100191500002000202650003000222650003600252 a97807974665213 aK3275 MUC 2018 aMucheche, C. aImmigration and human trafficking law in Zimbabwe /cCaleb Mucheche a1st edi. aHararebAfrican legal resources dominionc2018 a109p., aImmigration law aZimbabwexImmigration Law aZimbabwexHuman Trafficking Law